| 000 | 00647cam a2200241Ia 4500 | ||
|---|---|---|---|
| 001 | 18353 | ||
| 003 | GBCCL | ||
| 005 | 20241126110336.0 | ||
| 008 | 910422q19801989txu 001 0 eng d | ||
| 035 | _a(OCoLC)23590289 | ||
| 040 |
_aPGC _cPGC _dLBB |
||
| 049 | _aLBBK | ||
| 082 |
_a234 _bBES |
||
| 092 | 0 |
_a234 _bB561l, 1980z _220 |
|
| 100 | 1 |
_aBest, W. E. _9453 |
|
| 245 | 1 | 0 |
_aLife brought to light / _cby W.E. Best. |
| 260 |
_aHouston, Tex. : _bSouth Belt Assembly of Christ, _c[198-?] |
||
| 300 |
_a189 p. ; _c22 cm. |
||
| 500 | _aIncludes Scripture index. | ||
| 650 | 0 |
_aSalvation. _9452 |
|
| 650 | 0 |
_aChristian life. _9183 |
|
| 942 |
_2ddc _cBK _01 |
||
| 999 |
_c365 _d365 |
||